000 00587cam a22002053a 4500
001 35504
003 PGUSA
005 20140828083750.0
008 110306s2011||||xxu|||||s|||||000 | eng d
040 _aPGUSA
_beng
042 _adc
100 1 _aBonner, Geraldine,
_d1870-1930
245 1 0 _aMiss Maitland Private Secretary
_h[electronic resource] /
_cGeraldine Bonner
260 _bProject Gutenberg,
_c2011
506 _aPublic domain in the USA.
516 _aElectronic text
830 0 _aProject Gutenberg
_v35504
856 4 0 _uhttp://www.gutenberg.org/ebooks/35504
942 _cEB
999 _c264759
_d264759